00526nam a2200169 a 450000100100000000500170001000800410002702000150006804000250008308200200010810000430012824500610017126000450023230000280027765000240030565000270032900001559920240412074244.0100215s2004 dr a 000 j spa d a9993423823 aDO-SdBNPbspacBNPHU aRD863.44bP438m1 aPèrez Mèndez, Artagnan,d1929-201710aMás allá de lo posible /cArtagnan Pérez Méndez. aSanto Domingo :bAmigo del Hogar,c2004. a157 p. :bil. ;c23 cm. 0aCuentos dominicanos 0aLiteratura dominicana.